000 003150000a22001450004500
003 MACL
040 _aMACL
090 _c2011
_d2011
100 _aPaliwal , Anil Kumar
245 _aHow To Teach English
260 _aJaipur
_bKalpana Publications
_c2007
350 _a300
650 _aEducation
942 _cBOOK
_k371
999 _c1997
_d1997